01766 a2200229 45000010006000000050017000060080041000230030015000640400040000790800033001192450048001520200022002002500012002222640036002343000025002705051038002950410008013331000019013417000028013607000027013888560121014151463020260407155448.0260407a2011 arg spa dAR-UNSa-BCEJYS aAR-UNSa-BCEJYSbspacAR-UNSa-BCEJYS a330.101.542xMicroeconomía10aMicroeconomia intermediapun enfoque actual a978-84-95348-57-9 a8a. ed. 1aBarcelona :bAntoni Boschc2011 axxiv, 818 p.c24 cm. a1. El mercado - 2. La restricción presupuestaria - 3. Las preferencias - 4. La utilidad - 5. La elección - 6. La demanda - 7. Las preferencias reveladas - 8. La ecuación de Slutsky - 9. La compra y la venta - 10. La elección intertemporal - 11. Los mercados de activos - 12. La incertidumbre - 13. Los activos inciertos - 14. El excedente del consumidor - 15. La demanda del mercado - 16. El equilibrio - 17. Las subastas - 18. La tecnología - 19. La maximización del beneficio - 20. La minimización de los costes - 21. Las curvas de costes - 22. La oferta de la empresa - 23. La oferta de la industria - 24. El monopolio - 25. La conducta del monopolio - 26. Los mercados de factores - 27. El oligopolio - 28. La teoría de los juegos - 29. Aplicaciones de la teoría de los juegos - 30. Economía del comportamiento - 31. El intercambio - 32. La producción - 33. El bienestar - 34. Las externalidades - 35. La tecnología de la información - 36. Los bienes públicos - 37. Información asimétrica aspa1 aVarian, Hal R.1 aRabasco, María Esther1 aToharia Cortés, Luis41uhttps://biblioeco.unsa.edu.ar/pmb/images/libros/Micro Economia(un enfoque actual).jpgyImagen de portadaqimage/jpeg